| 000 | 00452nam a22001817a 4500 | ||
|---|---|---|---|
| 001 | 00028141 | ||
| 005 | 20260210123806.0 | ||
| 008 | 260210b ag ||||| |||| 00| 0 spa d | ||
| 040 |
_aAR-CcCEOS _bspa _cAR-CcCEOS |
||
| 080 | _a133 | ||
| 090 | _bLAU | ||
| 100 | 1 |
_aLauer, Mirko _9425 |
|
| 245 |
_aI ching / _cMirko Lauer |
||
| 250 | _a1ยช ed. | ||
| 264 |
_aBarcelona : _bmirko lauer, _cc1971. |
||
| 300 |
_a310 p. ; _c19x12 cm. |
||
| 942 |
_2udc _cBK _n0 |
||
| 999 |
_c28155 _d28155 |
||